| 000 | 00651cam a22001935a 4500 | ||
|---|---|---|---|
| 001 | L141702 | ||
| 008 | 071213s1934 xxk eng u | ||
| 035 | _a(Sirsi) u141702 | ||
| 041 | 0 | _aeng | |
| 110 | 2 |
_aAuctioneers' Institute of the United Kingdom _93785 |
|
| 245 | 0 | 1 | _a[Poster advertising a production of 'Damsel in Distress' by the Auctioneers' Institute Dramatic Society at the Fortune Theatre, Drury Lane on 15-17 February 1934] |
| 260 | _c1934 | ||
| 300 |
_a1 sheet _c88 x 57 cm., folded to 31 x 23 cm. |
||
| 340 | _aPrinted | ||
| 351 | _cSingle item | ||
| 651 | 4 | _aLondon | |
| 690 | _aABOUT RICS-RELATED ORGANISATIONS | ||
| 942 | _n0 | ||
| 999 |
_c116764 _d116764 |
||